15 principales países con muertes de Covid-19 - 4 de agosto 2021 - Estadísticas

Estadísticas generales
  • Esta prueba ha sido intentada 6 veces
  • La puntuación promedio es 17 de 25
Estadísticas de respuestas
país % Correcto
Argentina
100%
Brasil
100%
Colombia
100%
España
100%
Estados Unidos
100%
Francia
100%
India
100%
México
100%
Reino Unido
100%
Rusia
100%
Alemania
75%
Italia
75%
Perú
75%
Bélgica
50%
Bosnia y Herzegovina
50%
Chequia
50%
Eslovaquia
50%
Eslovenia
50%
Hungría
50%
Macedonia del Norte
50%
Bulgaria
25%
Croacia
25%
Indonesia
25%
Irán
25%
Paraguay
0%
No se encontraron pruebas coincidentes
Distribución de puntuación
Porcentaje de gente con cada puntuación
Porcentaje por número respondido
Historial de tus puntuaciones
No has intentado esta prueba.